000 00741nam a22002777a 4500
005 20111214145943.0
008 111214t xxu||||| |||| 00| 0 eng d
010 _aENG-104342
020 _a9788120344716
_c495.00
035 _aEN -87875
037 _bDBAD/PUB
040 _aDPL
_bEng
100 _936352
_aSingh, Ajay Kumar
245 _aElectronic devices and integrated circuits /
_cby Ajay kumar Singh
250 _a2nd ed
260 _aNew Delhi
_bPHI Learning
_c2011
270 _aM-97, Connaught Circus
_bNew Delhi
_e110001
300 _axvii,594p
_c24cm(pbk)
_bill.
500 _aIncludes index
600 _936476
610 _936477
650 _936353
650 _936481
700 _936394
942 _2ddc
_cEN
_mSIN
999 _c59458
_d59458